00857nam a22002177a 450000500170000001000280001702000330004503500270007804300120010508200160011710000320013324501400016524600620030525000120036726000450037930000320042450000510045665000480050765000410055565000430059620100423140427.0 aENG-95569 B-427709-713 a9788132104742 (pbk.)c350.00 aEN-79102 B-427709-713 an-us--- a371.207222 aBlankstein, Alan M.,d1959- aFailure is not an option :b6 principles for making student success the only option /cAlan M. Blankstein ; foreward by Michael Fullan. aSix principles for making student success the only option a2nd ed. aNew DelhibSAGE Publication Indiac2010. axxi, 263 p. ;c23 cm. (pbk) aIncludes bibliographical references and index. aSchool improvement programszUnited States. aAcademic achievementzUnited States. aEducational leadershipzUnited States.